Missing Word: '50s Singers Quiz Stats

 Plays Quiz Updated Sep 25, 2015

Challenge
Share
Tweet
Embed
Score 0/20 Timer 02:00
0 Plays Today
'50s Singer Missing Word % Correct
______ PresleyElvis
99.9%
______ SinatraFrank
99.5%
______ CashJohnny
99.1%
______ CrosbyBing
97%
Nat ______ ColeKing
96.8%
______ HollyBuddy
94.1%
______ FitzgeraldElla
93.9%
Jerry ______ LewisLee
93.1%
______ OrbisonRoy
92.5%
______ MartinDean
91.7%
'50s Singer Missing Word % Correct
______ DominoFats
90.5%
______ DayDoris
89.1%
______ ComoPerry
88.5%
______ BerryChuck
88.3%
______ BennettTony
84.9%
______ BoonePat
82.5%
The ______ BopperBig
81.1%
______ ValensRitchie
77.8%
______ HaleyBill
70.7%
______ KingB.B.
62%

Today's Daily Dose

You're not logged in!

Compare scores with friends on all Sporcle quizzes.
Join for Free
OR
Log In

You Might Also Like...

Show Comments

Extras

Top Quizzes Today


Score Distribution

Your Account Isn't Verified!

In order to create a playlist on Sporcle, you need to verify the email address you used during registration. Go to your Sporcle Settings to finish the process.

Report this User

Report this user for behavior that violates our Community Guidelines.

Details: